LEADER 00852nam a2200241 i 4500 001 991004198029707536 005 20020506115502.0 008 000505s1961 de ||| | ger 035 $ab10625744-39ule_inst 035 $aEXGIL135893$9ExL 040 $aBiblioteca Interfacoltà$bita 082 0 $a833.912 100 1 $aAltenberg, Paul$0471124 245 14$aDie Romane Thomas Manns :$bVersuch einer Deutung /$cPaul Altenberg 260 $aBad Homburg vor der Höhe :$bGentner,$c1961 300 $a373 p. ;$c19 cm 650 4$aMann, Thomas 907 $a.b10625744$b02-04-14$c28-06-02 912 $a991004198029707536 945 $aLE002 Ted. I G 15$g1$i2002000931412$lle002$o-$pE0.00$q-$rl$s- $t0$u1$v0$w1$x0$y.i10713165$z28-06-02 996 $aRomane Thomas Manns$9234589 997 $aUNISALENTO 998 $ale002$b01-01-00$cm$da $e-$fger$gde $h4$i1